LEADER 00974nam a2200253 i 4500 001 000000059538 003 CaOOAMICUS 005 20100303000000.0 008 100303s1957 xx u000 u fre u 013 $a30710 040 $aSeMil$bita 245 12$aL'apostolat. 260 $aParis :$bLes Éditions du Cerf,$ccopyr. 1957. 300 $a239 p. ;$c23 cm. 490 0 $aProblèmes de la religieuse d'aujourd'hui 500 $aAi piè del front : Hors commerce. 650 4$aMonachesimo.$0(OLS)http://semarc/subject/4553 650 4$aVita religiosa.$0(OLS)http://semarc/subject/5429 830 0$aProblèmes de la religieuse d'aujourd'hui.$0(OLS)http://semarc/title/30822 850 $aSeMil 852 $aSeMil$W1$xVenegono$y1$m3F V 562$j25691$B25691$CSeMilBibl$Z2$F25694 $81 961 $aOmaggio: Oggioni don Costantino 996 $6245$aL'apostolat$9(OLS)http://semarc/title/93046 996 $6260$aParis :$bLes Éditions du Cerf$9(OLS)http://semarc/publisher/29611 LEADER 01242nam a2200277 i 4500 001 000000128143 003 CaOOAMICUS 005 20070621000000.0 008 070621s1996 it u000 u ita u 013 $a100862 020 $a88-8212-113-5 040 $aSeMil$bita 100 1 $aCane, Felice Giulio.$0(OLS)http://semarc/name/53349 245 10$aGiuseppe Zanoia :$bun manoscritto inedito /$cFelice Giulio Cane ; A cura di Lino Cerutti ; Con una nota introduttiva di Benedetto Bertoli. Segue : L'oratorio di Verzella : Cenni storici / Lino Cerutti. 260 $aNovara :$bInterlinea,$cCopyr. 1996. 300 $a149 p. :$bill. ;$c24 cm. 500 $aContiene : Bibliografia. - Fondo card. C.M. Martini. 700 1 $aBertoli, Benedetto.$0(OLS)http://semarc/name/53350 700 1 $aCerutti, Lino.$0(OLS)http://semarc/name/45461 850 $aSeMil 852 $aSeMil$W1$xVenegono$y1$m1E VI 71$j82375$B82375$CSeMilBibl$Z2$F124973 $81 941 1 $a4 961 $aOmaggio: Martini Card. Carlo Maria 996 $6020$a88-8212-113-5$9(OLS)http://semarc/number/114715 996 $6245$aGiuseppe Zanoia :$bun manoscritto inedito$9(OLS)http://semarc/title/189338 996 $6260$aNovara :$bInterlinea$9(OLS)http://semarc/publisher/31908